L'imitation chez l'enfant (Record no. 76622)

MARC details
000 -LEADER
campo de control de longitud fija 00442nam a2200145 i 4500
001 - NÚMERO DE CONTROL
campo de control 76622
003 - IDENTIFICADOR DE NÚMERO DE CONTROL
campo de control ES-MaACL
007 - CAMPO FIJO DE DESCRIPCIÓN FÍSICA--INFORMACIÓN GENERAL
campo de control de longitud fija t|
008 - DATOS DE LONGITUD FIJA--INFORMACIÓN GENERAL
campo de control de longitud fija 041004s1925 fr ||||1| fre d
100 1# - ENTRADA PRINCIPAL--NOMBRE DE PERSONA
Nombre de persona Guillaume, Paul.
9 (RLIN) 60731
245 12 - MENCIÓN DEL TÍTULO
Título L'imitation chez l'enfant
Resto del título : étude psychologique /
Mención de responsabilidad, etc. par Paul Guillaume.
260 ## - PUBLICACIÓN, DISTRIBUCIÓN, ETC.
Lugar de publicación, distribución, etc. Paris :
Nombre del editor, distribuidor, etc. Félix Alcan,
Fecha de publicación, distribución, etc. 1925 (
Lugar de fabricación/manufactura Saint-Amand :
Fabricante Bussière)
300 ## - DESCRIPCIÓN FÍSICA
Extensión VII, 235 p. ;
Dimensiones 23 cm.
852 ## - LOCALIZACIÓN
Ubicación ES-MaACL
Número de control de estantería B-3570
Holdings
Estatus retirado Estado de pérdida Estado de daño No para préstamo Biblioteca de origen Biblioteca actual Ubicación en estantería Fecha de adquisición Fuente de adquisición Total de préstamos Signatura topográfica completa Código de barras Visto por última vez Precio de reemplazo Tipo de ítem Koha
        Biblioteca del Ateneo de Madrid Biblioteca del Ateneo de Madrid Sala Pardo Bazán 17/01/2008     B-3570 1080177 23/02/2023 23/02/2023 Libro impreso